Stavebno-technologický projekt: Južné Mesto Bratislava, Zóna B1 – Bytový dom B1 (2. etapa)

Saved in:
Bibliographic Details
Main Author: Macková, Denisa (Author)
Other Authors: Ďubek, Marek (Thesis advisor)
Format: Manuscript Book
Language:Slovak
Published: 2019
Subjects:
Online Access:http://is.stuba.sk/zp/portal_zp.pl?podrobnosti=145233
https://opac.crzp.sk/?fn=detailBiblioForm&sid=9F8942B94996237AA2F518F666DC
Tags: Add Tag
No Tags, Be the first to tag this record!

MARC

LEADER 00000ntm a22000003a 4500
001 stuzp74035
003 SK-STU
005 20230606163323.4
007 ta
008 150427s2015----xo-----f-mn---000-0-slo-d
040 |a STU  |b slo 
041 0 |a slo 
100 1 |a Macková, Denisa  |u 010270  |k Z4  |4 aut  |U SvF Stavebná fakulta  |T SvF Katedra technológie stavieb  |X 75652  |U V270  |Y 28  |7 75652 
242 0 1 |a Construction - Technological Project: South City Bratislava, Zone B1 – Apartment Building B1 (2. Part)  |y eng 
245 1 0 |a Stavebno-technologický projekt: Južné Mesto Bratislava, Zóna B1 – Bytový dom B1 (2. etapa) 
260 |c 2019 
650 4 |a premostenie prieluky  |2 slo 
650 4 |a podstojkovanie  |2 slo 
650 4 |a podperná konštrukcia  |2 slo 
650 4 |a Bridging the tunnel  |2 eng 
650 4 |a Substructure Beam Offseting  |2 eng 
650 4 |a Load-bearing tower  |2 eng 
700 1 |a Ďubek, Marek  |u 010270  |k Z1  |4 ths  |U SvF Stavebná fakulta  |T SvF Katedra technológie stavieb  |X 20818  |U V270  |Y 28  |7 A000020818 
856 4 |u http://is.stuba.sk/zp/portal_zp.pl?podrobnosti=145233 
856 4 |u https://opac.crzp.sk/?fn=detailBiblioForm&sid=9F8942B94996237AA2F518F666DC